000 00390nam a2200133Ia 4500
003 GCL
008 140319s9999 xx 000 0 ara d
040 _aGCL /
_cGCL
082 0 4 _a923.2
_bع ا
245 1 0 _aاخوة الدم: سيرة ذاتية للاب الدكتور الياس مشقور
260 _a[S.N] :
_bالمكتبة الثقافية ،
_c1994
300 _a198 ص
490 _a
999 _c53424
_d53424